| 000 | 00589nmm a2200169Ia 4500 | ||
|---|---|---|---|
| 008 | 251105s9999||||xx |||||||||||||||||und|| | ||
| 020 | _a9788477372141 | ||
| 041 | _aspa | ||
| 100 | _aAyala Martínez, Carlos de | ||
| 245 | 0 |
_aSacerdocio y Reino en la España altomedieval : _b Iglesia y poder político en el Occidente peninsular. Siglos VII-XII |
|
| 264 |
_a[Madrid, España] : _bSílex Ediciones, _c2008 |
||
| 300 | _a420 páginas | ||
| 490 | _aSerie Historia Medieval | ||
| 650 | _aHistory of Europe: Spain | ||
| 856 | _uhttps://public.digitaliapublishing.com/a/1275 | ||
| 942 | _cCF | ||
| 999 |
_c85365 _d85365 |
||